000 05587cam a22004814i 4500
003 PE-LiUPU
005 20250731173420.0
008 150706s2000 xxk r 000 0 spa d
020 _a9780825411175
035 _a(Sirsi) i9780825411175
040 _aPE-LiUPU
_bspa
_cPE-LiUPU
_erda
049 _aPRUA
082 0 4 _a251.02
_bPP
_221
100 1 _aCampbell, Roger F.,
_d1930- ,
_eautor.
245 1 0 _aPredique por un año #4 :
_b104 bosquejos de sermones. Dos bosquejos completos para cada domingo del año /
_cRoger Campbell .
264 1 _aGrand Rapids :
_bEditorial Portavoz,
_c2000.
300 _a224 páginas ;
_c22 centímetros.
336 _atext
_2rdacontent
337 _aunmediated
_2rdamedia
338 _avolume
_2rdacarrier
490 0 _aPredique por un año
505 0 _aEnero -- Nuestro eterno Dios -- La gran carrera anual -- Cuando la comunidad de creyentes agrada a Dios -- Tengamos armonía en la iglesia -- No se esconda de Dios -- ¿Qué es lo que has hecho? -- Gemimos ahora.la gloria vendrá después -- La paga y otros beneficios del predicador -- Febrero -- Yo soy el pan de vida (comienza la serie "yo soy") -- Yo soy la luz del mundo -- Yo soy la puerta -- Yo soy el buen pastor -- Yo soy la resurrección y la vida -- Yo soy el camino, la verdad y la vida -- Yo soy la vid verdadera -- Yo soy el Alfa y la Omega (termina la serie "yo soy") -- Marzo -- El amor es lo más grande -- Dios se lo llevó -- ¿Quién creerá? (comienza la serie acerca de la cruz) -- Varón de dolores -- Herido, molido, nuestra paz -- La recuperación de los descarriados -- El silencio del Salvador -- De la cruz al trono (termina la serie acerca de la cruz) -- Abril -- El poder de la resurrección (comienza la serie acerca de la resurrección) -- Las experiencias en la tumba vacía -- Si Cristo no hubiera resucitado -- Muchas pruebas convincentes (termina la serie acerca de la resurrección) -- Dios pregunta al primer homicida de la tierra -- Usted tiene que nacer de nuevo -- La corona de gozo de Pablo -- Estorbos para la fe -- Mayo -- Razones para alabar al Señor -- La exhortación de Caleb -- La madre de todos nosotros -- María, Marta y el Maestro -- Haga lo que pueda -- El desterrado vuelve a casa -- Un llamamiento a recordar -- ¿Hambre? -- Junio -- Lo que Dios quiere hacer en su vida -- Un asunto de vida o muerte -- El premio -- La añoranza del hogar -- Cómo limpiar nuestra vida -- Permanezcamos en Cristo -- La oración del Señor -- La última oración en la Biblia -- Julio -- Una nación en necesidad -- ¡Venid y volvámonos a Jehova! -- La manera de hablar de Dios -- Podemos vencer la tentación -- Un hombre que Dios usó -- Preparémonos para la aflicción -- Perder y ganar -- Aceptemos un nuevo reto en la vida -- Agosto -- El fruto del Espíritu es amor (comienza la serie acerca del fruto del espíritu) -- El fruto del Espíritu es gozo -- El fruto del Espíritu es paz -- El fruto del Espíritu es paciencia -- El fruto del Espíritu es benignidad -- El fruto del Espíritu es bondad -- El fruto del Espíritu es fe -- El fruto del Espíritu es mansedumbre -- Septiembre -- El fruto del Espíritu es templanza (dominio propio) (termina la serie acerca del fruto del Espíritu) -- La cita más importante de todo cristiano -- Una vida libre de ansiedad -- Confesemos a Cristo públicamente -- ¿Qué nueva enseñanza es esta? -- El cristiano y la guerra espiritual -- Los deseos de los discípulos -- El Señor y Lidia -- Octubre -- Manténgase positivo en un mundo negativo -- Lo que significa estar perdido -- El poder de la acción positiva -- La fe que no salva -- El más grande mentiroso del mundo -- El diablo con su mejor traje -- Cómo manejar las presiones del fin de los tiempos -- Una vida a toda prueba -- Noviembre -- Tiempo de comunión (cena del Señor) -- Paz con Dios -- Parezcamos ganadores -- El Señor instruye a sus hijos -- Por qué los cristianos tienen pruebas (comienza la serie acerca de la fe probada por fuego) -- Fe para las crisis familiares -- Acción de gracias desde dentro de un pez -- Fe cuando todos los recursos desaparecen -- Diciembre -- Fe cuando los recursos son escasos -- Fe cuando otros están en contra nuestra -- El nacimiento virginal de Cristo -- El magnificat -- Cuando la aurora del cielo visitó la tierra -- La noche de los milagros -- Herodes: el enemigo de Cristo -- Jesucristo es el nivelador -- Para los quintos domingos -- Cristo quiere ser su amigo -- ¿Esperamos que llueva? -- Preguntas para calmar el temor a testificar -- Tengamos paz con relación a testificar -- Una dispersión santificada -- Trescientos héroes -- El hombre que caminó con Dios -- De regreso a Bet-el -- Índice de referencias bíblicas.
526 _aSEG42
526 _aSEG41
526 _aSEG40
526 _aSEG39
526 _aP94
526 _aP87
526 _aP86
526 _aP85
526 _aP77
526 _aP76
526 _aP35
541 _g001-0000583;
650 0 4 _aSermones bíblicos.
700 1 _aMartínez, José Luis,
_etraductor.
910 _agl
_cjck
_d20120610
942 _2ddc
_cBOOK
949 _a251.02 PP 4
_wDEWEY
_c1
_i64927
_lCCODEBUL1
_mBUL
_p13.00
_r0
_sY
_tBOOK
_u2015-7-6
_xTEOLOGIA
_PP35
_o.STAFF. Colección Teología
994 _aC0
_bPEPRU
596 _a1
999 _a251.02 PP 4
_wDEWEY
_c53635
_i64927
_d53635
_e2017-6-16
_f2021-11-10
_g5
_lCCODEBUL1
_mBUL
_n3
_p13.00
_r0
_sY
_tBOOK
_u2015-7-6
_xTEOLOGIA
_PP35
_0COMPRA
_o.STAFF. Colección Teología
980 _81
_gALBERTO SANCHEZ Responsable de Automatización